00821nam a22002177a 4500003000900000005001700009008002800026020000600054040002600060082002300086245010600109260009400215300002100309500000600330534004700336650005100383650003600434650003800470650002300508710007200531DO-SdBPM20250527093245.0161031b20uu xx 00| 0 spa d a  a DO-SdBPMbspacBPMSU 4a362.29bC912L 22200aCrecer libre de drogas :bguía de prevención para los padres de familia/c Katie Bell...[y otros] aWashington, D.C. : bDepartamento de Educación de los Estados Unidos Drogas c[ 200-?] a52 p. ;c22 cm.  a  aTítulo original : tThe creative family  4aPrevención sobre abuso de drogas vGuías.  4aDrogas xPrevención vGuías 4aEducación para la vida familiar 4aJuventud y drogas.2 aWashington D.C.bDepartamento de Educación de los Estados Unidos